000 00596nam a2200157 a 4500
008 120416s1996 ||||||||||||||||| || u
020 _a0821332945
050 _aIBRD(02)
110 _aWorld Bank
245 1 0 _aSummary of poverty reduction and the World Bank progress and challenges in the 1990s.
260 _aWashington, D. C.
_bWorld Bank
_c1996
300 _a23p.
350 _a0.00
650 _aPOVERTY REDUCTION--WORLD BANK
995 _D0.00
_FCBU-MAIN LIBRARY (Kitwe)
_H1
_I0.00
_M1
_UAVAILABLE
_WOct 17, 2007
_ZInternational Publications
999 _c59079
_d59079